Principles of genetics

Đã lưu trong:
书目详细资料
主要作者: Snustad, Peter
格式: 图书
语言:Undetermined
出版: New York John Wiley and Sons 2003
主题:
标签: 添加标签
没有标签, 成为第一个标记此记录!
Thư viện lưu trữ: Trung tâm Học liệu Trường Đại học Cần Thơ
LEADER 00576nam a2200217Ia 4500
001 CTU_192100
008 210402s9999 xx 000 0 und d
020 |b 25 
082 |a 576.5 
082 |b S675 
100 |a Snustad, Peter 
245 0 |a Principles of genetics 
245 0 |c Peter Snustad and Michael J. Simmons 
260 |a New York 
260 |b John Wiley and Sons 
260 |c 2003 
526 |a Di truyền phân tử nâng cao 
526 |b CS904 
650 |a Genetics 
904 |i Minh 
980 |a Trung tâm Học liệu Trường Đại học Cần Thơ